000 00354 a2200169 4500
001 182165
020 _a85-325-0813-8
040 _cMagnum
100 _aLispector, Clarice
240 1 0 _aLaços de família
_lpor
245 1 0 _aLaços de família
300 _a135
362 0 _a1998
440 1 _aRocco
697 _aLITERATURA GERAL
942 _cBK
999 _c182165
_d182165